Computer Applications 1 (Record no. 8290)

MARC details
000 -LEADER
fixed length control field 00276nam a2200121 4500
082 ## - DEWEY DECIMAL CLASSIFICATION NUMBER
Classification number 004
100 ## - MAIN ENTRY--AUTHOR NAME
Personal name NISTE
245 ## - TITLE STATEMENT
Title Computer Applications 1
260 ## - PUBLICATION, DISTRIBUTION, ETC. (IMPRINT)
Place of publication Pakistan:
Name of publisher National Book Foundation,
Year of publication 2000.
300 ## - PHYSICAL DESCRIPTION
Number of Pages 164p. ;
650 ## - SUBJECT ADDED ENTRY--TOPICAL TERM
Topical Term Computer Applications
942 ## - ADDED ENTRY ELEMENTS (KOHA)
Koha item type Books
Holdings
Withdrawn status Lost status Collection code Home library Current library Date acquired Full call number Accession Number Koha item type
    Reference Reference Section Reference Section 20/07/2014 004BIL (Shelf-02A) 24084 Books
  Lost and Paid For Reference Reference Section Reference Section 20/07/2014 004BIL (Shelf-02A) 24085 Books